00440nam a2200157Ia 4500999001700000003000400017005001700021008004100038040000900079082001800088100002700106245006600133260003200199300000900231942004200240 c19023d19023OSt20200609145459.0190216s9999||||xx |||||||||||||| ||und|| coclc a354.56bHAR/G a Harari, Maurice92699 0aGovernment And Politics Of The Middle East /cMaurice Harari bPrentice Hall,c1962.aUSA: a179p cBK2ddch354.56iHAR/Gk354.56mHAR/G